[Event "MEX-ch U26"]
[Site "Merida"]
[Date "2019.05.17"]
[Round "6"]
[White "Estrada Perez, Jose Angel"]
[Black "Perez Vega, Luis Gabriel"]
[Result "1/2-1/2"]
[WhiteElo "1818"]
[BlackElo "1765"]
[PlyCount "50"]
[EventDate "2019.05.12"]
[EventType "swiss"]
[EventRounds "6"]
[EventCountry "MEX"]
[SourceTitle "EXT 2020"]
[Source "ChessBase"]
[SourceDate "2019.10.17"]
[SourceVersion "1"]
[SourceVersionDate "2019.10.17"]
[SourceQuality "1"]

1. e4 e6 2. d4 d5 3. exd5 exd5 4. Bd3 Bd6 5. Nc3 Ne7 6. Nf3 Bg4 7. Be3 Nbc6 8. a3 Qd7 9. h3 Bh5 10. g4 Bg6 11. Qd2 h5 12. Bxg6 fxg6 13. g5 0-0-0 14. 0-0-0 Rhf8 15. Nh4 Na5 16. Nxd5 Nc4 17. Nxe7+ Bxe7 18. Qc3 Nxe3 19. Qxe3 Qd6 20. Kb1 Rde8 21. Rhe1 Bd8 22. Qd3 Rxe1 23. Rxe1 Bxg5 24. Nxg6 Rxf2 25. Qe4 Bd8 1/2-1/2

[Event "MEX-ch U26"]
[Site "Merida"]
[Date "2019.05.16"]
[Round "5"]
[White "Benitez Rendon, Damian Alberto"]
[Black "Estrada Perez, Jose Angel"]
[Result "0-1"]
[WhiteElo "1297"]
[BlackElo "1818"]
[PlyCount "100"]
[EventDate "2019.05.12"]
[EventType "swiss"]
[EventRounds "6"]
[EventCountry "MEX"]
[SourceTitle "EXT 2020"]
[Source "ChessBase"]
[SourceDate "2019.10.17"]
[SourceVersion "1"]
[SourceVersionDate "2019.10.17"]
[SourceQuality "1"]

1. d4 Nf6 2. c4 e6 3. Nc3 b6 4. e4 Bb4 5. Qc2 Bb7 6. Bd3 c5 7. d5 d6 8. Nge2 Nbd7 9. 0-0 Bxc3 10. dxe6 fxe6 11. Nxc3 Ne5 12. Be2 0-0 13. Bg5 Nc6 14. Bg4 Nd4 15. Qd3 Qe8 16. Bxf6 Rxf6 17. Nb5 Nxb5 18. cxb5 Qg6 19. Bf3 Raf8 20. Kh1 d5 21. Rae1 dxe4 22. Rxe4 Bxe4 23. Bxe4 Qf7 24. f3 h6 25. Rd1 Qe7 26. h3 Rb8 27. Qe3 Rd8 28. Rg1 Qd6 29. Qa3 Qc7 30. Qc3 Rd4 31. Qc2 g5 32. Qe2 Qd6 33. b3 Kg7 34. Bc2 Rd2 35. Qe4 Qd5 36. a4 Qxe4 37. Bxe4 Rb2 38. Rb1 Rxb1+ 39. Bxb1 Rf4 40. Bd3 Rd4 41. Bc4 Kf6 42. Kg1 Rxc4 43. bxc4 Ke5 44. Kf2 Kd4 45. f4 Kxc4 46. Ke3 Kb3 47. Ke4 c4 48. Ke5 c3 49. Kxe6 c2 50. Kf6 c1Q 0-1